000 00576ntm a2200193 i 4500
001 27584
003 ES-MaACL
005 20250728110921.0
007 t|
008 030115q1931 sp f |||| | spa d
100 1 _aAraujo Mayorga, Juan.
_922363
245 1 0 _aTrabajo de investigación sobre la religión egea /
_cpor Juan Araujo Mayorga.
260 _a[S.l. :
_bs.n.,
_c1931?]
300 _a44 p., 5 lám. ;
_c25 cm.
500 _aEjemplar mecanografiado.
650 0 7 _aReligión griega
_2embne
_916804
852 _aES-MaACL
_jC-5631
999 _c27584
_d27584